000 00586cam a2200205 4500500
005 20260405002231.0
041 _afre
042 _adc
100 1 0 _aEltchaninoff, Michel
_eauthor
245 0 0 _aÀ la recherche de la durée
260 _c2016.
500 _a77
690 _aDurée
690 _aHenri Bergson
690 _aInstant
690 _aPrésent
690 _aTemps
786 0 _nPhilosophie magazine | 101 | 7 | 2016-07-01 | p. 39-40 | 1951-1787
856 4 1 _uhttps://shs.cairn.info/magazine-philosophie-magazine-2016-7-page-39?lang=fr&redirect-ssocas=7080
999 _c2055680
_d2055680